| 000 | 01318 a2200349 4500 | ||
|---|---|---|---|
| 001 | 54076 | ||
| 999 |
_c54076 _d35820 |
||
| 003 | TR-AnTOB | ||
| 005 | 20190408213949.0 | ||
| 008 | 110630s2004 au a b 101 0 d | ||
| 020 | _a3851655664 (pbk.) | ||
| 035 | _a54076 | ||
| 040 |
_aOHX _cOHX _dOCLCQ _dCUY |
||
| 041 | _ager | ||
| 050 |
_aD524.5 _b.A44 2004 |
||
| 090 | _aD524.5 .A44 2004 | ||
| 245 | 0 |
_aAggression und Katharsis : _bder Erste Weltkrieg im Diskurs der Moderne / _cPetra Ernst, Sabine A. Haring, Werner Suppanz (Hg.). |
|
| 264 | 1 |
_aWien : _bPassagen, _c2004. |
|
| 300 |
_a415 p. : _bill. ; _c24 cm. |
||
| 490 | 0 |
_aStudien zur Moderne ; _v20. |
|
| 500 | _aPapers contributed to a symposium of the Grazer Spezialforschungsbereich (SFB)-Moderne-Wien und Zentraleuropa um 1900, held in October, 2001. | ||
| 504 | _aIncludes bibliographical references and index. | ||
| 650 |
_aWorld War, 1914-1918 _xSocial aspects _vCongresses _928861 |
||
| 650 |
_aDünya Savaşı, 1914-1918 _xSosyal yönleri _vKongreler _928860 |
||
| 651 |
_aEurope, Central _xCivilization _y20th century _vCongresses _928863 |
||
| 651 |
_aAvrupa, Orta _xUygarlık _y20. yüzyıl _vKongreler _928862 |
||
| 700 |
_aHaring, Sabine A., _d1970- _928857 |
||
| 700 |
_aErnst, Petra _928858 |
||
| 700 |
_aSuppanz, Werner _928859 |
||
| 901 | _a0016776 | ||
| 902 | _abs | ||
| 942 | _cBK | ||